Preface to the lyrical ballads (Record no. 4203)

MARC details
000 -LEADER
fixed length control field 00512cam a2200205ua 4500
001 - CONTROL NUMBER
control field 5023
005 - DATE AND TIME OF LATEST TRANSACTION
control field 20260515113827.0
008 - FIXED-LENGTH DATA ELEMENTS--GENERAL INFORMATION
fixed length control field 150128n ii |||gr||||Z||||||eng
040 ## - CATALOGING SOURCE
Transcribing agency MAIN
041 ## - LANGUAGE CODE
Language code of text/sound track or separate title eng
082 ## - DEWEY DECIMAL CLASSIFICATION NUMBER
Classification number 782.14
100 ## - MAIN ENTRY--PERSONAL NAME
Personal name Wordsworth, William,
Relator term Author,
245 ## - TITLE STATEMENT
Title Preface to the lyrical ballads
Statement of responsibility, etc. by William Wordsworth
250 ## - EDITION STATEMENT
Edition statement 16th.
260 ## - PUBLICATION, DISTRIBUTION, ETC.
Place of publication, distribution, etc. New Delhi:
Name of publisher, distributor, etc. Unique publishers,
Date of publication, distribution, etc. 2005.
300 ## - PHYSICAL DESCRIPTION
Extent 200p:
Dimensions 23cm.
653 ## - INDEX TERM--UNCONTROLLED
Uncontrolled term Music
700 ## - ADDED ENTRY--PERSONAL NAME
Personal name Sen, S.,
Relator term Editor.,
942 ## - ADDED ENTRY ELEMENTS (KOHA)
Koha item type Books
Holdings
Withdrawn status Lost status Damaged status Not for loan Home library Current library Shelving location Date acquired Total checkouts Full call number Barcode Date last seen Date last checked out Copy number Price effective from Koha item type
        Naharkatiya College Library Naharkatiya College Library General stacks 09/19/2020 1 782.14 | WOR 18361 09/01/2023 08/25/2023 1 09/19/2020 Books